000 00388nam a2200145Ia 4500
008 230917s9999||||xx |||||||||||||| ||und||
040 _e104609
_aMAIN
041 _aEnglish
082 _a359.00954 H614T
100 _aHiranadani, G M
245 0 _aTransition to triumph: history of the indian navy 1965-1975
260 _aNew Delhi
_bLancer P
_c2000
300 _a415p p.
942 _cBK
999 _c118174
_d118174